000 00632nam a2200193 a 4500
001 000012603
005 20240530073914.0
008 091113s1996 dr a 000 f spa d
040 _aDO-SdBNP
_bspa
_cBNPHU
082 _aRD863.44
_bP438do
100 1 _aPérez Espinal, Fernando Esteban,
_d1951-
_929300
245 1 0 _aDos rostros y una realidad /
_cFernando Esteban Pérez Espinal.
260 _aSanto Domingo :
_bTaller,
_c1996.
300 _a94 p. :
_bil. ;
_c21 cm.
590 _aInventariado, 2020/VM
650 0 _aNovela dominicana
_9223
650 0 _aLiteratura dominicana.
_967
910 _aValidado. Control de calidad MMOLINA
999 _c12258
_d12258